000 00299nam a22001337a 4500
003 LRUA
005 20230710212707.0
008 230710b xxu||||| |||| 00| 0 eng d
040 _cRUA
082 _2BOR BIO 1989 C173 Or.
245 _aBIOLOGIE
260 _aPhnom Penh
_bRUA
_c1989
942 _2ddc
_cEK
999 _c21558
_d21558